Quà tặng của cuộc sống
Đã lưu trong:
| Format: | Bog |
|---|---|
| Sprog: | Vietnamese |
| Udgivet: |
TP. Hồ Chí Minh
Trẻ
2008
|
| Udgivelse: | Tái bản lần thứ 17 |
| Serier: | Bộ sách cửa sổ tâm hồn
|
| Fag: | |
| Tags: |
Tilføj Tag
Ingen Tags, Vær først til at tagge denne postø!
|
| Thư viện lưu trữ: | Trung tâm Học liệu Lê Vũ Hùng, Trường Đại học Đồng Tháp |
|---|
| LEADER | 00812aam a22002658a 4500 | ||
|---|---|---|---|
| 001 | 00028710 | ||
| 005 | 20171026081023.0 | ||
| 008 | 120330s2008 ||||||viesd | ||
| 020 | |c 21000 | ||
| 041 | 0 | # | |a vie |
| 082 | 1 | 4 | |a 158.1 |b Q501T |
| 245 | 0 | 0 | |c Nhiều tác giả |a Quà tặng của cuộc sống |
| 250 | # | # | |a Tái bản lần thứ 17 |
| 260 | # | # | |a TP. Hồ Chí Minh |b Trẻ |c 2008 |
| 300 | # | # | |a 137tr. |c 21cm. |
| 490 | # | # | |a Bộ sách cửa sổ tâm hồn |
| 653 | # | # | |a Cuộc sống |
| 653 | # | # | |a Nhân cách |
| 653 | # | # | |a Tuổi mới lớn |
| 653 | # | # | |a Tâm hồn |
| 852 | # | # | |b Kho đọc |j KD.0013022 |
| 852 | # | # | |j KD.0013022 |
| 910 | |d 30/03/2012 | ||
| 980 | # | # | |a Trung tâm Học liệu Lê Vũ Hùng, Trường Đại học Đồng Tháp |